Topological geometry /
Guardado en:
| Autor Principal: | |
|---|---|
| Formato: | Libro |
| Idioma: | English |
| Publicado: |
London :
Van Nostrand Reinhold,
1969.
|
| Series: | The New university mathematics series
|
| Etiquetas: |
Agregar Etiqueta
Sin Etiquetas, Sea el primero en etiquetar este registro!
|
| LEADER | 00560nam a22001815 4500 | ||
|---|---|---|---|
| 001 | MAT.inmabb002068 | ||
| 008 | 700421s1969####enka#####b####001#0#eng#d | ||
| 005 | 20170425170239.0 | ||
| 245 | 1 | 0 | |a Topological geometry / |c Ian R. Porteous. |
| 260 | |a London : |b Van Nostrand Reinhold, |c 1969. | ||
| 300 | |a vii, 457 p. : |b il. ; |c 24 cm. | ||
| 490 | 0 | |a The New university mathematics series | |
| 504 | |a Bibliografía: p. 435-437. | ||
| 510 | 4 | |a MR, |c 40 #8059 | |
| 100 | 1 | |a Porteous, Ian R. | |
| 084 | |a 57.00 |2 MR | ||
| 010 | |a 77077103 | ||
| 859 | |h 15 |i Ia11 |p A-3723 |b BIB. MATEMATICA | ||
